000
00179nam a2200073Ia 4500
008
170817s9999 xx 000 0 und d
100
_a
Tripathi.O.P.M
245
0
_a
Relvance Of Adult Education
260
_b
GYAN PUB
999
_c
38462
_d
38462